000 00583nam a2200229Ia 4500
003 OSt
005 20221006153006.0
006 a|||||r|||| 00| 0
007 ta
008 221006b |||||||| |||| 00| 0 eng d
020 _c
_4.95
024 _a30,823
037 _cTextual
040 _aEASL
_cEASL
_beng
041 _2eng
_aeng
100 _aCOHEN L J etc. Ed.
_9662181
245 0 _aCommunist systems in comparative perspective
260 _an
_bAnchor Books
_c1974
300 _a530p.
_ccm.
942 _cTEXL
_2CC
999 _c1098909
_d1098909